000 00530nam a2200181 i 4500
001 81586
003 ES-MaACL
005 20251126143554.0
007 t|
008 041105s1969 sp ||||1| spa d
100 1 _aHutchison, James H.
_964839
245 1 0 _aProblemas prácticos en Pediatría /
_cpor James H. Hutchison ; versión, P. Roca Amigó.
250 _a[1ª ed.].
260 _aBarcelona :
_bToray,
_c[1969]
700 0 _aRoca Amigó, Pedro
_997984
852 _aES-MaACL
_jC-36423
_bR.69364
999 _c81586
_d81586